LEADER 02135nam0 2200433 i 450 001 RAV0148101 005 20251003044325.0 020 $aIT$b84338 100 $a20130827d1983 ||||0itac50 ba 101 | $aita 102 $ait 181 1$6z01$ai $bxxxe 182 1$6z01$an 183 1$6z01$anc$2RDAcarrier 200 1 $aOrganizzazione e direzione dell'Ente locale$eteoria e modelli per l'amministrazione pubblica$fGianfranco Rebora 210 $aMilano$cGiuffre$dstampa 1983 215 $aXVI, 275 p.$d24 cm 225 | $aUniversità L. Bocconi, Dipartimento di economia aziendale$v59$i. Economia della pubblica amministrazione$v1 410 0$1001CFI0133256$12001 $aUniversità L. Bocconi, Dipartimento di economia aziendale$i. Economia della pubblica amministrazione$v1$171201$aUniversità commerciale L. Bocconi$b : Dipartimento di economia aziendale$3CFIV002274 606 $aAmministrazione pubblica$2FIR$3CFIC000751$9E 606 $aEnti locali$xOrganizzazione$2FIR$3CFIC039307$9I 676 $a352.000473$9AMMINISTRAZIONE LOCALE. PRINCIPI FONDAMENTALI DELLA PUBBLICA AMMINISTRAZIONE. ORGANIZZAZIONE$v19 676 $a352.000473$9AMMINISTRAZIONI LOCALI. RIORGANIZZAZIONE$v20 676 $a658$9GESTIONE IN GENERALE$v21 696 $aPubblica amministrazione$aOrgani della pubblica amministrazione$aOrgani ordinari 696 $aOrganizzazione 699 $aAmministrazione pubblica$yPubblica amministrazione 699 $aAmministrazione pubblica$yOrgani della pubblica amministrazione 699 $aAmministrazione pubblica$zOrgani ordinari 699 $aOrganizzazione$zOrganizzazione 700 1$aRebora$b, Gianfranco$3CFIV039738$4070$0107486 801 3$aIT$bIT-000000$c20130827 850 $aIT-BN0095 901 $bNAP 01$cD $n$ 912 $aRAV0148101 950 0$aBiblioteca Centralizzata di Ateneo$c1 v.$d 01D (AR) 7 372$e 01AR 0070073725 VMA 1 v.$fY $h20150518$i20150518 977 $a 01 996 $aOrganizzazione e direzione dell'Ente locale$965867 997 $aUNISANNIO